Business statistics / (Record no. 84978)

MARC details
000 -LEADER
fixed length control field 00577nam a22002057a 4500
005 - DATE AND TIME OF LATEST TRANSACTION
control field 20140808110223.0
010 ## - LCCN (DPL NO)
LC control number ENG-110115
020 ## - INTERNATIONAL STANDARD BOOK NUMBER
International Standard Book Number 9351610128
Terms of availability 475.00
020 ## - INTERNATIONAL STANDARD BOOK NUMBER
International Standard Book Number 9789351610120
Terms of availability 475.00
035 ## - SYSTEM CONTROL NUMBER
System control number EN-93648
037 ## - SOURCE OF ACQUISITION
Source of stock number/acquisition DBAD/PUB
082 ## - DEWEY DECIMAL CLASSIFICATION NUMBER
Classification number 519.5
100 ## - MAIN ENTRY--PERSONAL NAME
Personal name Gupta, S.P.
245 ## - TITLE STATEMENT
Title Business statistics /
Statement of responsibility, etc by S.P. Gupta [and] M.P.Gupta
260 ## - PUBLICATION, DISTRIBUTION, ETC. (IMPRINT)
Place of publication, distribution, etc New Delhi
Name of publisher, distributor, etc Sultan Chand
Date of publication, distribution, etc 2014
270 ## - ADDRESS
Address 23, Daryaganj
City New Delhi
Postal code 110002
300 ## - PHYSICAL DESCRIPTION
Extent xx,782p.:
Dimensions 23cm(pbk)
Other physical details ill.
700 ## - ADDED ENTRY--PERSONAL NAME
Personal name Gupta, M.P.
942 ## - ADDED ENTRY ELEMENTS (KOHA)
Source of classification or shelving scheme Dewey Decimal Classification
Item type English Books
Call number suffix GUP
Classification part 519.5
Holdings
Withdrawn status Lost status Not for loan Collection code Home library Current library Date acquired Source of acquisition Cost, normal purchase price Full call number Barcode Copy number Cost, replacement price Koha item type
    Not For Loan Non-fiction D.B.Act.Division D.B.Act.Division 30/06/2014 ENG-110115 475.00 519.5 GUP EN-93648 1 475.00 English Books

© Delhi Public Library
Hit Counter
free hit counter